Have these teams won their domestic league more than 10 times? - Statistics

General Stats
  • This quiz has been taken 11 times
  • The average score is 4 of 11
Answers on the Grid
Answers color-coded by a green-red scale on the quiz's grid according to % correct below.
Liverpool
Napoli
Atletico madrid
Arsenal
Marseille
Dortmund
Chelsea
LA galaxy
Al Nassr
Manchester City
Olympique Lyonnaise
Sporting Lisbon
Inter Milan
Everton
Aston Villa
Hadjuk Split
Sydeny FC
Feyenoord
Hague FC (HVV)
Athletic Bilbao
Genoa
Roma
Frankfurt
Saint Etienne
 
Answer Stats
Answer % Correct
Liverpool
86%
Inter Milan
57%
Marseille
57%
Arsenal
43%
Sporting Lisbon
43%
Feyenoord
29%
Saint Etienne
29%
Hadjuk Split
14%
Hague FC (HVV)
14%
Manchester City
14%
Atletico madrid
0%
No matching quizzes found
Score Distribution
Percent of People with Each Score
Percentile by Number Answered
Your Score History
You have not taken this quiz